| 000 | 00883nam a2200229Ia 4500 | ||
|---|---|---|---|
| 003 | GCL | ||
| 008 | 140319s9999 xx 000 0 ara d | ||
| 040 |
_aGCL / _cGCL |
||
| 082 | 0 | 4 |
_a615.321 _bأ د |
| 100 | 1 | _aامين الحضرى زكى الحضرى | |
| 245 | 1 | 0 |
_aدواء لكل داء - صحة وجمال المرأة : _bموسوعة العلاج بالنباتات والاعشاب والزيوت الطبيعية / _cامين الحضرى زكى الحضرى |
| 260 |
_aالقاهرة : _bمكتبة مدبولى ، _c2003 |
||
| 300 |
_a1436 ص ؛ _c24 سم |
||
| 650 | 0 | 4 | _aالاعشاب |
| 650 | 0 | 4 | _aالاستخدام العلاجى |
| 650 | 0 | 4 | _aالنباتات الطبيعية |
| 650 | 0 | 4 | _aالزيوت |
| 650 | 0 | 4 | _aالمرأة - الزفاف |
| 650 | 0 | 4 | _aالمرأة - تجميل |
| 650 | 0 | 4 | _aالمرأة - رعاية صحية |
| 942 |
_2ddc _cBK |
||
| 999 |
_c5586 _d5586 |
||